| Поле | Инд. | ПП | Название | Значение |
|---|---|---|---|---|
| Тип записи | a | |||
| Библиографический уровень | b | |||
| 001 | Контрольный номер | RU/IS/BASE/264553967 | ||
| 005 | Дата корректировки | 20220305123842.5 | ||
| 008 | Кодируемые данные | 19970522 | ||
| 084 | a | Индекс другой классификации/Индекс ББК | 63.3(2)632-61ю11 | |
| a | Индекс другой классификации/Индекс ББК | 63.3(2)632-64ю11 | ||
| a | Индекс другой классификации/Индекс ББК | 63.3(4Фра)63-61ю11 | ||
| a | Индекс другой классификации/Индекс ББК | 63.3(4Фра)63-64ю11 | ||
| 097 | 00 | a | 750 | |
| 100 | 10 | a | Автор | Хрущев Н. С. |
| q | Полное имя | Хрущев Никита Сергеевич | ||
| 100 | 1_ | a | Автор | Голль Ш. де |
| 245 | 10 | a | Заглавие | Н. С. Хрущев - Шарль де Голль |
| b | Продолж. заглавия | Встречи в Париже. 1960 г. | ||
| c | Ответственность | Беседы записали Ю. Дубинин, М. Бусаров, И. Большагин; Публикация и предисловие А. Д. Чернева | ||
| 500 | a | Примечание | Начало см. № 1 за 1996 г. | |
| 504 | 00 | a | Библиография | Примеч. |
| 520 | 00 | a | Аннотация | Записи бесед и советско-французских переговоров. |
| 600 | 14 | a | Персоналии | Голль Шарль де |
| a | Персоналии | Хрущев Никита Сергеевич | ||
| 650 | 04 | a | Основная рубрика | внешняя политика |
| a | Основная рубрика | история | ||
| a | Основная рубрика | международные отношения | ||
| 653 | 00 | a | Ключевые слова | XX век |
| a | Ключевые слова | Алжир | ||
| a | Ключевые слова | вооружение | ||
| a | Ключевые слова | Германия | ||
| a | Ключевые слова | история международных отношений | ||
| a | Ключевые слова | международная политика | ||
| a | Ключевые слова | международное сотрудничество | ||
| a | Ключевые слова | разоружение | ||
| a | Ключевые слова | Россия | ||
| a | Ключевые слова | советский период | ||
| a | Ключевые слова | СССР | ||
| a | Ключевые слова | Франция | ||
| a | Ключевые слова | экономическое сотрудничество | ||
| 700 | 10 | a | Автор | Дубинин Ю. |
| e | Роль лиц | автор беседы | ||
| 700 | 10 | a | Автор | Бусаров М. |
| e | Роль лиц | автор беседы | ||
| 700 | 10 | a | Автор | Большагин И. |
| e | Роль лиц | автор беседы | ||
| 700 | 10 | a | Автор | Чернев А. Д. |
| e | Роль лиц | автор публикации | ||
| 773 | 00 | t | Заглавие источника | Исторический архив |
| d | Дата издания источника | 1996 | ||
| g | Прочая информация | № 2. - С. 103 - 132 | ||
| w | Контрольный № источника | RU/IS/BASE/142005402 | ||
| 901 | t | Тип документа | b |